000 01188nam a2200349 c 4500
003 BLK
005 20180420215718.0
008 180413b bul|||||r ||||||| ||bul||
010 _aKNG00024098000
020 _a954-20-0165-7
_bиздат.: ТУ
040 _aBLK
041 _aBUL
_cBUL
080 _aФизика
_b53
_x(075.8)
_z53(075.8)
100 1 _aГеоргиев, П.
_eпърви автор
_9265957
139 _aФизика
_bФ 47
245 1 0 _aФизика
_bУчебник за студентите от всички спец. на ТУ - Варна
_cП. Георгиев.
250 _a3. прераб. изд.
257 _aBGR
260 Варна
_bТУ
_c2003
300 _a497 с.
_bсъс сх., табл., диагр.
_c22 см
380 _a5
500 _a1. изд. 1997 ; В кн. означено 4. прераб. и доп. изд. - Библиогр. с. 489-490.
504 _a489-490
650 4 _aФизика
_9175234
653 _aфизика
653 _aучебници за ВУЗ
852 _aЦб 222754
856 4 _qpdf
_u
856 4 _qpdf
_u
942 _cKNG
_n0
944 _aCR
_c15.01.2003
_kВаля_Йорданова
944 _aED
_c16.03.2005
_k
999 _c21789
_d21789